000 00895nas a2200277 4500
001 BR6008817
003 BR-BrBNA
005 20231205082120.0
007 ta
008 230509b bl.|||p| |||| 00| 00por d
040 _aBR-BrBNA
_bpor
_cBiblioteca Nacional de Agricultura
041 _a(Pt)
072 _aF00
100 1 _aMenezes Sobrinho, J.A. de
100 1 _aCouto, F.A. d'A.
100 1 _aMedina, P.V.L.
245 1 _aEfeito da densidade de plantio de pequenos bulbilhose do tipo de cobertura sobre o rendimento de alho planta, em tres cultivares de alho (Allium sativum L.)
650 _aALHO
650 _aPRATICA CULTURAL
650 _aDENSIDADE DE PLANTIO
650 _aBULBO
650 _aRENDIMENTO
773 0 _tRevista Ceres (Brazil)
_xISSN 0034-737X
_g(Sep 1974), v. 21(117) p. 349-357
_wBR6008817
909 _a202311
_bLúcia
_c55
_dLúcia Elande
942 _2AGRIS
_n0
_cANA
999 _c89256
_d89256